Mobility and congestion in Urban India (Record no. 522871)

000 -LEADER
fixed length control field 01084nam a22001457a 4500
008 - FIXED-LENGTH DATA ELEMENTS--GENERAL INFORMATION
fixed length control field 230609b ||||| |||| 00| 0 eng d
100 ## - MAIN ENTRY--PERSONAL NAME
Personal name Akbar, Prottoy et al
245 ## - TITLE STATEMENT
Title Mobility and congestion in Urban India
260 ## - PUBLICATION, DISTRIBUTION, ETC. (IMPRINT)
Place of publication, distribution, etc The American Economic Review
300 ## - PHYSICAL DESCRIPTION
Extent 113(4), Apr, 2023: p.1083-1111
520 ## - SUMMARY, ETC.
Summary, etc We develop a methodology to estimate robust city-level vehicular speed indices, exactly decomposable into uncongested speed and congestion. We apply it to 180 Indian cities using 57 million simulated trips measured by a web mapping service. We verify the reliability of our simulated trips using a number of alternative data sources, including data on actual trips. We find wide variation in speed across cities that is driven more by differences in uncongested speed than congestion. Denser and more populated cities are slower, only in part because of congestion. Urban economic development is correlated with faster speed despite worse congestion.- Reproduced
773 ## - HOST ITEM ENTRY
Main entry heading The American Economic Review
906 ## - LOCAL DATA ELEMENT F, LDF (RLIN)
Subject DIP URBAN DEVELOPMENT
942 ## - ADDED ENTRY ELEMENTS (KOHA)
Item type Articles
Holdings
Withdrawn status Lost status Source of classification or shelving scheme Damaged status Not for loan Permanent location Current location Date acquired Serial Enumeration / chronology Barcode Date last seen Koha item type
          Indian Institute of Public Administration Indian Institute of Public Administration 2023-06-09 113(4), Apr, 2023: p.1083-1111 AR128921 2023-06-09 Articles

Powered by Koha